|
|
|
|
| LEADER |
01910cas a2200289 a 4500 |
| 001 |
AALejournalIMF023190 |
| 008 |
230101c9999 xx r poo 0 0eng d |
| 020 |
|
|
|a 9798400217876
|
| 020 |
|
|
|c 20.00 USD
|
| 022 |
|
|
|a 1934-7685
|
| 040 |
|
|
|a BD-DhAAL
|c BD-DhAAL
|
| 110 |
2 |
|
|a International Monetary Fund.
|b Monetary and Capital Markets Department.
|
| 245 |
1 |
0 |
|a Ireland :
|b Financial Sector Assessment Program-Technical Note on Macroprudential Policy Framework and Tools.
|
| 264 |
|
1 |
|a Washington, D.C. :
|b International Monetary Fund,
|c 2022.
|
| 300 |
|
|
|a 1 online resource (52 pages)
|
| 490 |
1 |
|
|a IMF Staff Country Reports
|
| 500 |
|
|
|a <strong>Off-Campus Access:</strong> No User ID or Password Required
|
| 500 |
|
|
|a <strong>On-Campus Access:</strong> No User ID or Password Required
|
| 506 |
|
|
|a Electronic access restricted to authorized BRAC University faculty, staff and students
|
| 520 |
3 |
|
|a Ireland is a small open economy that is part of a monetary union and has a major financial system. Within the Euro Area (EA), Ireland comprises a relatively small proportion of aggregate GDP (3.4 percent), of which a significant portion is attributable to foreign-owned multinational enterprises (MNEs). Yet, the Irish financial system holds assets of EUR 7.9 trillion, over 18 times GDP. Since monetary policy is carried out by the European Central Bank (ECB) for the entire EA, macroprudential policy has the potential to play a critical stabilizing role for the Irish financial system.
|
| 538 |
|
|
|a Mode of access: Internet
|
| 650 |
|
7 |
|a International Agreements and Observance
|2 imf
|
| 650 |
|
7 |
|a International Organizations
|2 imf
|
| 650 |
|
7 |
|a Monetary Policy
|2 imf
|
| 651 |
|
7 |
|a Ireland
|2 imf
|
| 830 |
|
0 |
|a IMF Staff Country Reports; Country Report ;
|v No. 2022/293
|
| 856 |
4 |
0 |
|z Full text available on IMF
|u https://elibrary.imf.org/openurl?genre=journal&issn=1934-7685&volume=2022&issue=293
|z IMF e-Library
|